| 000 | 00659nam a22001937a 4500 | ||
|---|---|---|---|
| 999 |
_c480858 _d480858 |
||
| 003 | ASAB | ||
| 005 | 20200131155123.0 | ||
| 008 | 180511t xxu||||| |||| 00| 0 eng d | ||
| 038 | _a0 | ||
| 040 | _cASAB | ||
| 082 | _a616 | ||
| 100 |
_aHuma Syed-sup-Dr. Touqeer Ahmed _928100 |
||
| 245 |
_aTH-MS-Comparative study of therapeutic effects of Cyclooxygenase 1 and 11 inhibitors in AICI3-induced mouse model of Alzheimer's disease / _cHuma Syed-sup-Dr. Touqeer Ahmed |
||
| 260 |
_aIslamabad _bASAB (NCVI) _c2013 |
||
| 300 |
_axvii, 97 P _b30 cm |
||
| 600 | _2Virology & immunology MS-Thesis | ||
| 630 |
_aVirology and Immunology _913894 |
||
| 942 |
_2ddc _cTHE |
||